| Поле | Инд. | ПП | Название | Значение |
|---|---|---|---|---|
| Тип записи | a | |||
| Библиографический уровень | b | |||
| 001 | Контрольный номер | RU/IS/BASE/289673524 | ||
| 005 | Дата корректировки | 20200601191440.9 | ||
| 008 | Кодируемые данные | 20090306 | ||
| 040 | b | Код языка каталог. | rus | |
| e | Правила каталог. | PSBO | ||
| 041 | 0_ | a | Код языка текста | rus |
| 084 | a | Индекс другой классификации/Индекс ББК | 81.472.2-1 | |
| 100 | 1_ | a | Автор | Смирнова Н. Н. |
| 245 | 10 | a | Заглавие | Размещение фразовых акцентов в португальском языке |
| 504 | a | Библиография | Библиогр. - Примеч.: с. 133 - 134 | |
| 650 | 04 | a | Основная рубрика | филологические науки |
| a | Основная рубрика | фонетика | ||
| a | Основная рубрика | частное языкознание | ||
| a | Основная рубрика | языкознание | ||
| 653 | 0_ | a | Ключевые слова | акцентное выделение |
| a | Ключевые слова | португальский язык | ||
| a | Ключевые слова | порядок слов | ||
| a | Ключевые слова | ударение | ||
| a | Ключевые слова | фразовая интонация | ||
| a | Ключевые слова | фразовое ударение | ||
| 773 | 08 | t | Заглавие источника | Вестник Московского университета. Серия 9, Филология |
| d | Дата издания источника | 2008 | ||
| g | Прочая информация | № 2. - С. 127 - 134 | ||
| w | Контрольный № источника | RU/IS/BASE/286474537 | ||
| 901 | t | Тип документа | b |